00459cam a22001217a 4500008004000000082002100040100005200061245011300113260005000226300001100276500002400287700002600311180718b1967 xxu||||| |||| 00| 0 eng d aB706x42 Un3/Me/2 aRoyal Commission on Local Government in England aRoyal commission on Local Government: Ministry of Evidence 2 20th January, 1967; witness, Ministry of Health aLondonbHer Majesty's Stationery Officec1967 aP26-43 aChairman: John Maud aMaud, John (Chairman)